000 00391nam a2200169Ia 4500
005 20240823042654.0
008 240823s9999||||xx |||||||||||||| ||und||
041 _aENGLISH
082 _A530 P1
100 _aZafrullakhan M A
245 0 _aApplied Engineering Physics
250 _a1st
260 _bSardar Raja
500 _aTRANSFERED
650 _aPhysics
_bPhysics
942 _cBK
999 _c208417
_d208417